Quiz voiture: Images Ferrari - Statistiques

Statistiques générales
  • Ce quiz a été pris 2 886 fois
  • Le résultat moyen est 9 sur 20
Statistiques - réponses
Par images Réponse % Correct
F40
92%
Enzo
83%
Laferrari
83%
488 GTB
74%
F50
73%
458 Italia
64%
812 Superfast
54%
F430
48%
California
47%
Testarossa
46%
FF
40%
599 GTO
39%
F12 Berlinetta
35%
250 GT
34%
458 Speciale
34%
360 Modena
31%
599 GTB
26%
250 GTO
17%
288 GTO
16%
166 MM
2%
Aucun quiz correspondant
Distribution des résultats
% des personnes avec chaque résultat
Percentile par nombre de réponses
Votre historique - résultats
Vous n’avez pas pris ce quiz